000 00979nam a2200289Ia 4500
001 Para_223
003 CHAP
008 220125s1998 xx 000 0 und d
010 _a198956
040 _cCHAP
090 _aPA TESIS 1188
100 _aPérez Muratalla, Armando
_989876
245 _aControl químico de maleza en fresa (Fragaria chiloensis x ananassa Dueh.) en Zamora, Michoacán, México /
_c por Armando Pérez Muratalla
260 _aChapingo, Méx. :
_b el autor
300 _a45 h.
502 _aTesis (Ing. Agr. Esp. en Parasitología Agrícola) -- UACh Departamento Parasitología Agrícola
650 _aFresa
_x malas hierbas
_9164265
650 _aMalas hierbas
_x control
_970011
710 _aI. UACh Departamento Parasitología Agrícola
_9164264
901 _aPA TESIS 1188
902 _aA
905 _a0000001998 n 0000000000 00
910 _a1998
942 _cPARA
942 _cPARA
_d1
999 _c198956
_d198956